000 00958nam a2200217 a 4500
001 001132959
003 AM-YeHGA
005 20250617161425.0
008 160302s1947 ru r 000 0 rus d
040 _aAM-YeHGA
041 0 _arus
100 1 _aКруминь, Артур Карлович
_d(1894—1943)
245 0 0 _aРига /
_cА. К. Круминь.
260 _aМосква :
_bАкад. архитектуры СССР,
_c1947.
300 _a48 с. текста, :
_b28 л. ил. ;
_c17 см.
440 0 _aСокровища зодчества народов СССР / Акад. архитектуры СССР. Ин-т истории и теории архитектуры. Под общ. ред. акад. В. А. Веснина
500 _aНа обл. авт. не указан
650 1 4 _aАрхитектурные памятники
650 1 4 _aРига - Художественные памятники
090 _c474573
999 _c471316
_d471316